000 00765nam a2200265Ia 4500
003 OSt
005 20221005072219.0
006 a|||||r|||| 00| 0
007 ta
008 221004b |||||||| |||| 00| 0 eng d
020 _a8186318658
024 _a26650
037 _cTextual
040 _aCRL
_cCRL
_beng
041 _2eng
_aeng
082 _aO111973,3:g(Y15), N9
100 _aKulkarni Harihar
_9607008
245 0 _aBlack feminist fiction
_b A march towards liberation
260 _aNew Delhi
_bCreative Books India
_c1999
300 _a238p
_ccm.
490 _aCreative new literatures series, 30
650 _aENGLISH LITERATURE
942 _hO111973,3:g(Y15), N9
_cTEXL
_2cc
999 _c979044
_d979044